000 00616nam a2200229Ia 4500
003 OSt
005 20220928115740.0
006 a|||||r|||| 00| 0
007 ta
008 220927b |||||||| |||| 00| 0 eng d
024 _a31152
037 _cTextual
040 _aSDCL
_cSDCL
_beng
041 _2eng
_aeng
082 _aL35:4:63, L8
100 _aReid Eric Ed.
_9445890
245 0 _aBlood drugs and other analytical challenges.
260 _aChichester
_bEllis Horwood
_c1978
300 _axi,355p.
_ccm.
942 _hL35:4:63, L8
_cTEXL
_2CC
999 _c760759
_d760759